Sports Quiz

Random Sports or Hockey Quiz
Score 0/10 Timer 05:00
0 Plays Today
Question Answer Wrong Answers
Quelle équipe a été, avec 199 buts inscrits, la plus prolifique en saison régulière cette saison ? Grenoble
85.7%
Amiens
2.3%
Angers
4.1%
Rouen
7.5%
Le Trophée Marcel Claret désigne l'équipe... La plus fair-play
82.8%
La plus prolifique
5.3%
La plus hermétique
3%
Avec la patinoire la plus remplie
8.1%
Quel joueur a remporté le Trophée Jean-Pierre Graff (meilleur espoir) cette saison ? Quentin Papillon
72.1%
Malo Ville
6.8%
Dylan Fabre
12.4%
Robin Colomban
8.7%
Quelle a été la première saison régulière de Ligue Magnus à 44 journées ? 2016-2017
72%
2011-2012
4.9%
2013-2014
6.1%
2014-2015
15.5%
Quel est le seul gardien à avoir été élu trois fois meilleur gardien depuis 2010 ? Matija Pintaric
66.1%
Ronan Quemener
3.9%
Florian Hardy
18.2%
Henri-Corentin Buysse
11.2%
Où a eu lieu le dernier Winter Game ? (2016) Groupama Stadium de Lyon
62.2%
Matmut Atlantique de Bordeaux
7.3%
Stade des Alpes de Grenoble
28.1%
Stade Pierre Mauroy de Lille
2.3%
Lequel de ces internationaux français passés par la NHL n'a pas joué en Ligue Magnus ? Antoine Roussel
57.1%
Pierre-Edouard Bellemare
13.6%
Yohann Auvitu
20.3%
Alexandre Texier
7.5%
Combien de Coupe Magnus a remporté le club de Rouen ? 15
51.5%
7
5%
9
12.5%
11
30.8%
Qui est le dernier Français à avoir terminé meilleur compteur du championnat ? Guillaume Leclerc
50.6%
Anthony Rech
8.5%
Julien Desrosiers
17%
Damien Fleury
22.7%
Combien de clubs différents ont soulevé la Coupe Magnus (remise depuis 1986) ? 11
25%
9
36.3%
10
18.5%
12
18.8%
Remove Ads.
Support Sporcle.
Get the best of Sporcle when you Go Orange. This ad-free experience offers more features, more stats, and more fun while also helping to support Sporcle. Thank you for becoming a member.

You're not logged in!

Compare scores with friends on all Sporcle quizzes.
OR
Log In

Sporcle TV

Today on Sporcle TV


Watch our educational content, quiz creation guides, and fun videos on Sporcle TV.

Show Comments

Extras

Top Quizzes Today


Score Distribution

Paid Content

Your Account Isn't Verified!

In order to create a playlist on Sporcle, you need to verify the email address you used during registration. Go to your Sporcle Settings to finish the process.

Report this User

Report this user for behavior that violates our Community Guidelines.

Details: